| 000 | 00000nam 2200000zi 4500 |
| 001 | 9.920544 |
| 003 | CaOODSP |
| 005 | 20250704130235 |
| 006 | m o d f |
| 007 | cr |n||||||||| |
| 008 | 230302t20232023onc o f00| 0 eng d |
| 020 | |a9780660478722 |
| 040 | |aCaOODSP|beng|erda|cCaOODSP |
| 043 | |an-cn--- |
| 086 | 1 |aFR5-216/2022E-PDF |
| 245 | 00|a2022 Trade Commissioner Service interviews of potential clients. |
| 264 | 1|aGatineau, Quebec : |bGlobal Affairs Canada = Affaires mondiales Canada, |c2023. |
| 264 | 4|c©2023 |
| 300 | |a1 online resource (47 pages) + |esummary (8 unnumbered pages) |
| 336 | |atext|btxt|2rdacontent |
| 337 | |acomputer|bc|2rdamedia |
| 338 | |aonline resource|bcr|2rdacarrier |
| 500 | |aIssued also in French under title: Entrevues 2022 du Service des délégués commerciaux avec des clients potentiels. |
| 500 | |a"Contract number: CW2239480." |
| 500 | |a"Registration number: POR 041-22." |
| 610 | 10|aCanada. |bTrade Commissioner Service|xPublic opinion. |
| 650 | 0|aCommercial attachés|zCanada|xPublic opinion. |
| 650 | 0|aForeign trade promotion|zCanada|xPublic opinion. |
| 650 | 0|aPublic opinion|zCanada. |
| 710 | 1 |aCanada. |bGlobal Affairs Canada, |eissuing body. |
| 710 | 2 |aEkos Research Associates, |econsultant. |
| 775 | 08|tEntrevues 2022 du Service des délégués commerciaux avec des clients potentiels.|w(CaOODSP)9.920546 |
| 856 | 40|qPDF|s720 KB|uhttps://publications.gc.ca/collections/collection_2023/amc-gac/FR5-216-2022-eng.pdf|zFinal Report |
| 856 | 40|qPDF|s320 KB|uhttps://publications.gc.ca/collections/collection_2023/amc-gac/FR5-216-2022-1-eng.pdf|zSummary |